书目信息 |
| 题名: |
住房改革:理论的反思与现实的选择
|
|
| 作者: | 杨鲁 , 王育琨 著 | |
| 分册: | ||
| 出版信息: | 天津 天津人民出版社 |
|
| 页数: | ||
| 开本: | ||
| 丛书名: | ||
| 单 册: | ||
| 中图分类: | F293.3 | |
| 科图分类: | ||
| 主题词: | 城市经济 , 市政经济 | |
| 电子资源: | ||
| ISBN: | 7-201-01296-7 | |
| 000 | 00623nam0 2200205 450 | |
| 001 | 0636771750 | |
| 005 | 20061218101433.57 | |
| 010 | @a7-201-01296-7@dCNY7.50 | |
| 100 | @a20061218d km y0chiy0120 ea | |
| 101 | 0 | @achi |
| 102 | @aCN@b120000 | |
| 200 | 1 | @a住房改革:理论的反思与现实的选择@Azhu fang gai ge:li lun de fan si yu xian shi de xuan ze@f杨鲁,王育琨著@Fyang lu,wang yu kun zhu |
| 210 | @a天津@c天津人民出版社 | |
| 606 | 0 | @a城市经济 |
| 606 | 0 | @a市政经济 |
| 690 | @aF293.3@v3 | |
| 701 | 0 | @a杨鲁@Ayang lu@4著 |
| 701 | 0 | @a王育琨@Awang yu kun@4著 |
| 801 | 0 | @aCN@bNISOFT@c20061218 |
| 905 | @a10447@dF293.3@eY228 | |
| 住房改革:理论的反思与现实的选择/杨鲁,王育琨著.-天津:天津人民出版社 |
| ISBN 7-201-01296-7:CNY7.50 |
| ● |
| 相关链接 |
|
|
|
正题名:住房改革:理论的反思与现实的选择
索取号:F293.3/Y228
 
预约/预借
| 序号 | 登录号 | 条形码 | 馆藏地/架位号 | 状态 | 备注 |
| 1 | 444491 | 204444912 | 管理学院资料室/ [索取号:F293.3/Y228] | 在馆 |